Tikal : guía de las antiguas ruinas mayas : con mapa /
Salvato in:
| Autore principale: | |
|---|---|
| Natura: | Libro |
| Lingua: | spagnolo |
| Pubblicazione: |
Guatemala, Guatemala : Filadelfia, EUA :
Asociación Tikal ; University of Pennsylvania,
1977, c1967
|
| Tags: |
Nessun Tag, puoi essere il primo ad aggiungerne!!
|
MARC
| LEADER | 00000nam^a2200000^a^4500 | ||
|---|---|---|---|
| 001 | 000556703 | ||
| 005 | 20250526000000.0 | ||
| 009 | 20260310131744.842 | ||
| 037 | |a Acervo ITESO - Biblioteca | ||
| 041 | |a ESP | ||
| 091 | |a FHA. 01490 | ||
| 100 | |a Coe, William R. |e (autor) | ||
| 245 | 1 | 0 | |a Tikal : |b guía de las antiguas ruinas mayas : con mapa / |
| 264 | 4 | |a Guatemala, Guatemala : |b Asociación Tikal ; |a Filadelfia, EUA : |b University of Pennsylvania, |c 1977, c1967 | |
| 300 | |a 123 p. ; |c 22.0 cm. | ||
| 336 | |a texto |b txt |2 rdacontenido | ||
| 337 | |a sin mediación |b n |2 rdamedio | ||
| 338 | |a volumen |b nc |2 rdasoporte | ||
| 515 | |a Inventario familia Hartung: 1840 | ||
| 649 | |a XX | ||
| 910 | |a Fondo Horst Hartung Franz | ||
| 920 | |a Impresos - Libros | ||
| 930 | |a Libros Antiguos y Raros | ||
| 905 | |a 135 | ||
| 901 | |a 0500327763 |b IT2 |c LRA |i D |u 20250526 | ||
| 902 | |a https://opac.biblio.iteso.mx/vufind/Record/000556703 | ||